| 000 | 00648cam a2200145 4500500 | ||
|---|---|---|---|
| 005 | 20251012025538.0 | ||
| 041 | _afre | ||
| 042 | _adc | ||
| 100 | 1 | 0 |
_aJeanneau, Cédric _eauthor |
| 245 | 0 | 0 | _aNommer et désigner la terre au Moyen Âge. Le vocabulaire de la seigneurie foncière dans les actes diplomatiques du Bas-Poitou, XIe-XIIIe siècle : usages, significations et évolutions |
| 260 | _c2025. | ||
| 500 | _a6 | ||
| 786 | 0 | _nCahiers de civilisation médiévale | 268 | 4 | 2025-02-11 | p. 529-562 | 0007-9731 | |
| 856 | 4 | 1 | _uhttps://shs.cairn.info/revue-cahiers-de-civilisation-medievale-2024-4-page-529?lang=fr&redirect-ssocas=7080 |
| 999 |
_c1544848 _d1544848 |
||